000 00646nam a2200241Ia 4500
003 OSt
005 20221007080542.0
006 a|||||r|||| 00| 0
007 ta
008 221006b |||||||| |||| 00| 0 eng d
020 _a0706906594
024 _a17,797
037 _cTextual
040 _aFLL
_cFLL
_beng
041 _2eng
_aeng
082 _aY:6.1.N5, L8
100 _aSmith T. Lynn
_9133125
245 0 _aSociocultural change since 1950
260 _aNew Delhi
_bVikas Publishing House Pvt. Ltd. India
_c1978
300 _a379p
_ccm.
942 _hY:6.1.N5, L8
_cTEXL
_2CC
999 _c1160066
_d1160066